000
00234nam a22000857a 4500
008
161130b xxu||||| |||| 00| 0 eng d
100
_9
1593
_a
Sasikumar, v
245
_a
Companion Teacher's Edition
260
_a
New Delhi
_b
Orient Longman
_c
2007
999
_c
4312
_d
4312